00000000nam 2200000zi 4500
0019.939731
003CaOODSP
00520250121125404
006m     o  d f      
007cr mn|||||||||
008240624e202403##oncda   ob   f000 0 fre d
020 |a9780660724928
040 |aCaOODSP|bfre|erda|cCaOODSP
043 |an-cn---
0861 |aPS64-230/2024F-PDF
0861 |aPS64-230/2024-1F-PDF
24500|aÉvaluation du Service de l'air de la GRC : |brapport final / |cServices nationaux d’évaluation des programmes (SNEP).
264 1|aOttawa, Ontario : |bGendarmerie royale du Canada = Royal Canadian Mounted Police, |cmars 2024.
264 4|c©2024
300 |a1 ressource en ligne (39 pages) : |bgraphiques, illustrations + |esommaire (1 page)
336 |atexte|btxt|2rdacontent/fre
337 |ainformatique|bc|2rdamedia/fre
338 |aressource en ligne|bcr|2rdacarrier/fre
500 |aPublié aussi en anglais sous le titre : Evaluation of the RCMP Air Services Program.
504 |aComprend des références bibliographiques.
520 |a« L’évaluation visait à examiner la pertinence et le rendement (efficacité et efficience) du programme du SA, conformément à la politique du Conseil du Trésor sur les résultats. Elle a été réalisée par les Services nationaux d’évaluation des programmes (SNEP) de la GRC. Cette évaluation de portée nationale portait sur la période allant de 2017-2018 à 2022-2023 et comportait une composante prospective »--Sommaire, page 4.
61026|aGendarmerie royale du Canada|xÉvaluation.
650 6|aAéronautique dans le travail de la police|zCanada|xÉvaluation.
7102 |aGendarmerie royale du Canada, |eorganisme de publication.
77508|tEvaluation of the RCMP Air Services Program : |w(CaOODSP)9.939729
85640|qPDF|s3.94 Mo|uhttps://publications.gc.ca/collections/collection_2025/grc-rcmp/PS64-230-2024-fra.pdf|z(Rapport final)
85640|qPDF|s354 Ko|uhttps://publications.gc.ca/collections/collection_2025/grc-rcmp/PS64-230-2024-1-fra.pdf|z(Sommaire)